00330nam a2200133Ia 450000500170000000800410001704100080005808200150006610000220008124500270010326000430013030000090017365000140018220250729165802.0250729s2014 xx 000 0 und d aeng a900.3 NIMS aDr.M.R. Nimbalkar aSociology of Education aNew DelhibNeelkamal Publicationc2014 a271p aEducation